| 000 | 00876nam a2200337 a 4500 | ||
|---|---|---|---|
| 003 | AR-BaBNM | ||
| 005 | 20251128205204.0 | ||
| 008 | 082120s2002 ||||||||||||||000 | spa|| | ||
| 020 | _a84-660-0072-0 | ||
| 040 | _cAR-BaBNM | ||
| 100 | 1 | _aLezama Lima, José | |
| 245 | 0 | 0 | _aEl reino de la imagen |
| 260 |
_aCaracas _bBiblioteca Ayacucho _c1981 |
||
| 300 | _axxx, 609 p. | ||
| 500 | _aContiene cronología en p. 443-604 | ||
| 504 | _aBibliografía en p. 605 | ||
| 650 | 4 | _aCUENTO [FORMA Y GENERO LITERARIO] | |
| 650 | 4 | _aMITOLOGIA | |
| 650 | 4 | _aRELIGION | |
| 650 | 4 | _aINVESTIGACION LITERARIA | |
| 650 | 4 | _aVIDA LITERARIA | |
| 650 | 4 | _aPOESIA | |
| 650 | 4 | _aNOVELAS | |
| 653 | _aLITERATURA CUBANA | ||
| 653 | _aPARODIA | ||
| 653 | _aGENERO EPISTOLAR | ||
| 655 | _aLITERATURA | ||
| 700 | 1 |
_aOrtega, Julio _ecompilador |
|
| 942 | _cBK | ||
| 998 | _cisola | ||
| 999 |
_c10366 _d10366 |
||